000 00220nam a2200109Ia 4500
100 _aBaura Swati
942 _cBK
245 _aApplied Physics-II
260 _bC.Jamnadas and Co
_c2014
546 _aENGLISH
999 _c24448
_d24448